Statistics for Football Teams of London

Click here to take the quiz!

General Stats

  • This quiz has been taken 49 times
  • The average score is 10 of 14

Answer Stats

League Hint Club % Correct
Premier LeagueN/AArsenal
100%
Premier LeagueN/AChelsea
100%
Premier LeagueN/ATottenham Hotspur
100%
Premier LeagueN/AWest Ham United
100%
Premier LeagueN/ACrystal Palace
93%
EFL League OneSame name as a tennis grand slamAFC Wimbledon
91%
Premier LeagueN/AFulham
86%
EFL ChampionshipN/AMillwall
70%
EFL ChampionshipN/AQueens Park Rangers
60%
EFL League OneLost in play-offs to Shrewsbury 2-0 in 17-18 seasonCharlton Athletic
49%
National LeagueTheir nickname is 'Daggers'Dagenham & Redbridge
47%
EFL ChampionshipN/ABrentford
40%
National LeagueTheir crest is made up of two wyverns facing each other over a footballLeyton Orient
37%
National LeagueRelegated from League Two in 17-18 seasonBarnet
33%

Score Distribution

Percentile by Number Answered

Percent of People with Each Score

Your Score History

You have not taken this quiz